Le présent du subjonctif dans la grammaire française - Statistiques

Statistiques générales
  • Ce quiz a été pris 247 fois
    237 depuis la dernière actualisation
  • Le résultat moyen est 25 sur 26
Statistiques - réponses
Présent du subjonctif Verbe % Correct
que j'aille aller
100%
que je fasse faire
100%
que j'aie avoir
99%
que je sois être
99%
que j'achète acheter
97%
que je dorme dormir
97%
que je finisse finir
97%
que je paie payer
97%
que j'appelle appeler
96%
que je jette jeter
96%
qu'il pleuve pleuvoir
96%
que je sache savoir
96%
que je croie croire
95%
que je doive devoir
95%
que je meure mourir
95%
que je puisse pouvoir
95%
que je reçoive recevoir
95%
que je rie rire
95%
que je tienne tenir
95%
que je vienne venir
95%
que je veuille vouloir
94%
que je surprenne surprendre
93%
que je satisfasse satisfaire
92%
qu'il faille falloir
91%
que je vaille valoir
85%
que je prévale prévaloir
83%
Aucun quiz correspondant
Distribution des résultats
% des personnes avec chaque résultat
Percentile par nombre de réponses
Votre historique - résultats
Vous n’avez pas pris ce quiz depuis la dernière actualisation